00964nam a2200241Ia 4500001000600000003000900006008004100015040001300056040001300069041001300082100001600095100002900111245003500140245004100175250001100216260001200227260002200239260004900261300005700310500027900367650004500646650003100691G3954IT-RoPAU130308s9999 xx 000 0 und d aIT-RoPAU cIT-RoPAU aFRANCESE aMarc Edmond gCodice Aut. SPICS: 21544 aFace-A-Face et ses enjeux (Le) bCommunication (La). Etat des Savoirs a1a ed. aAUXERRE bSciences Humaines c1999 [1° Ed.:1999 - Ed.Ling.Originale:1999] a"6 p. (prefazione: no ; testo: 6 [pagine: 119-124])" aSi Definisce Sovente la Comunicazione Come Trasmissione D'Informazioni. Maquesta Visione è troppo Ristretta. Noi Comunichiamo Anche per Annodare Relazioni, per Dividere Emozioni e Sentimenti, per Agire Sugli Altri, per Confortare la nostra Identità e quella degli Altri. aENCICLOPEDIE DELLA COMUNICAZIONE SOCIALE eCodice materia Spics: 3801